[Event "World-chT Rapid"]
[Site "Dusseldorf"]
[Date "2023.08.28"]
[Round "11"]
[White "Bahmani, Koorosh"]
[Black "Bartelt, Max Peter"]
[Result "1/2-1/2"]
[WhiteElo "1873"]
[BlackElo "2025"]
[PlyCount "89"]
[EventDate "2023.08.26"]
[EventType "team-swiss (rapid)"]
[EventRounds "12"]
[EventCountry "GER"]
[SourceTitle "CBM 215 Extra"]
[Source "ChessBase"]
[SourceDate "2023.09.30"]
[SourceVersion "1"]
[SourceVersionDate "2023.09.30"]
[SourceQuality "1"]
[WhiteTeam "Phile Khoob CC"]
[BlackTeam "Wensing & Poebel"]
[WhiteTeamCountry "IRI"]
[BlackTeamCountry "GER"]

1. Nf3 Nf6 2. g3 g6 3. Bg2 Bg7 4. 0-0 0-0 5. d4 c5 6. c4 cxd4 7. Nxd4 Nc6 8. Nc3 a6 9. e3 Rb8 10. b3 Qc7 11. Bb2 d6 12. Rc1 Nxd4 13. Qxd4 Qc5 14. Nd5 Re8 15. Qxc5 dxc5 16. Be5 Nxd5 17. Bxb8 Nc3 18. Ba7 Ne2+ 19. Kh1 Nxc1 20. Rxc1 Bb2 21. Rd1 Ba3 22. Bb6 Kg7 23. h3 Kf6 24. f4 Bb4 25. Bc7 Kg7 26. Kg1 Rh8 27. a4 a5 28. Kf2 Bf5 29. Bxb7 Bxh3 30. Bf3 h5 31. Be5+ f6 32. Bb2 Kf7 33. e4 Bg4 34. e5 Bxf3 35. Kxf3 Ke6 36. exf6 exf6 37. Rd3 h4 38. gxh4 Rxh4 39. Kg3 Be1+ 40. Kg2 Rg4+ 41. Kh3 Rh4+ 42. Kg2 Rg4+ 43. Kh3 Rh4+ 44. Kg2 Rg4+ 45. Kh3 1/2-1/2

[Event "World-chT Rapid"]
[Site "Dusseldorf"]
[Date "2023.08.27"]
[Round "6.15"]
[White "Stegert, Jonas"]
[Black "Bahmani, Koorosh"]
[Result "0-1"]
[WhiteElo "1832"]
[BlackElo "1873"]
[PlyCount "66"]
[EventDate "2023.08.26"]
[EventType "team-swiss (rapid)"]
[EventRounds "12"]
[EventCountry "GER"]
[SourceTitle "CBM 215 Extra"]
[Source "ChessBase"]
[SourceDate "2023.09.30"]
[SourceVersion "1"]
[SourceVersionDate "2023.09.30"]
[SourceQuality "1"]
[WhiteTeam "Kiel Doppelbauer"]
[BlackTeam "Phile Khoob CC"]
[WhiteTeamCountry "GER"]
[BlackTeamCountry "IRI"]

1. d4 Nf6 2. c4 g6 3. Nc3 d5 4. Bf4 Bg7 5. e3 c5 6. dxc5 Qa5 7. Rc1 dxc4 8. Bxc4 0-0 9. Nge2 Nc6 10. 0-0 e5 11. Bg3 Bf5 12. Nb5 Rad8 13. Qe1 Ne4 14. a3 a6 15. b4 Qa4 16. Nbc3 Qxa3 17. Nd5 Be6 18. Ra1 Qxa1 19. Qxa1 Nd2 20. Ne7+ Nxe7 21. Bxe6 Nxf1 22. Ba2 Nxg3 23. hxg3 Rd2 24. Bc4 Nc6 25. Qc3 Rfd8 26. Qb3 R8d7 27. Nc3 e4 28. Nxe4 Rb2 29. Qa3 Ne5 30. Nd6 Rb1+ 31. Kh2 Ng4+ 32. Kh3 Nxf2+ 33. Kh2 Rh1# 0-1

[Event "World-chT Rapid"]
[Site "Dusseldorf"]
[Date "2023.08.26"]
[Round "1.12"]
[White "Bahmani, Koorosh"]
[Black "Pranesh, M."]
[Result "0-1"]
[WhiteElo "1873"]
[BlackElo "2503"]
[PlyCount "92"]
[EventDate "2023.08.26"]
[EventType "team-swiss (rapid)"]
[EventRounds "12"]
[EventCountry "GER"]
[SourceTitle "CBM 215 Extra"]
[Source "ChessBase"]
[SourceDate "2023.09.30"]
[SourceVersion "1"]
[SourceVersionDate "2023.09.30"]
[SourceQuality "1"]
[WhiteTeam "Phile Khoob CC"]
[BlackTeam "Six Pack"]
[WhiteTeamCountry "IRI"]
[BlackTeamCountry "IND"]

1. Nf3 Nf6 2. g3 d5 3. Bg2 c6 4. c4 dxc4 5. a4 Nbd7 6. Qc2 e5 7. Qxc4 Nc5 8. Ng5 Ne6 9. d3 h6 10. Nf3 Bd6 11. Nbd2 a5 12. 0-0 0-0 13. b3 Re8 14. Bb2 Nc7 15. Rfd1 Ncd5 16. Rac1 Bc7 17. Qc2 Bf5 18. Nc4 e4 19. dxe4 Nxe4 20. Nh4 Bh7 21. Rd4 Nxg3 22. e4 Ne2+ 23. Qxe2 Qxh4 24. h3 Nf4 25. Qg4 Qxg4 26. hxg4 Ne2+ 27. Kf1 Nxd4 28. Bxd4 Bxe4 29. Bxe4 Rxe4 30. Bc3 Rd8 31. Nxa5 Bxa5 32. Bxa5 Rd5 33. Be1 Rxg4 34. b4 h5 35. Rc2 Rf5 36. Re2 h4 37. Re3 g5 38. Bc3 Kh7 39. Re8 Rc4 40. Be1 h3 41. Re7 Rg4 42. Re3 Rh4 43. Kg1 h2+ 44. Kh1 Kg6 45. a5 Rff4 46. f3 Rh3 0-1

[Event "Eastern Asia-ch U10"]
[Site "Tornelo INT"]
[Date "2021.10.31"]
[Round "7"]
[White "Bahmani, Koorosh"]
[Black "Pir, Mehdi"]
[Result "1-0"]
[WhiteElo "1455"]
[BlackElo "1129"]
[PlyCount "189"]
[EventDate "2021.10.29"]
[EventType "swiss"]
[EventRounds "9"]
[EventCountry "NET"]
[SourceTitle "EXT 2023"]
[Source "ChessBase"]
[SourceDate "2022.10.05"]
[SourceVersion "1"]
[SourceVersionDate "2022.10.05"]
[SourceQuality "1"]

1. Nf3 g6 2. c4 Bg7 3. d4 d6 4. b3 Nd7 5. Bb2 Ngf6 6. g3 c5 7. Bg2 0-0 8. 0-0 cxd4 9. Nxd4 Nc5 10. Nc3 Rb8 11. e4 Bd7 12. Re1 Ne8 13. Rc1 a6 14. b4 Ne6 15. Nce2 N8c7 16. Nxe6 Bxe6 17. Bxg7 Kxg7 18. Nf4 Bd7 19. h4 Bc6 20. Nd5 e6 21. Qd4+ e5 22. Qd2 Ne6 23. Ne3 Nd4 24. Nc2 Nxc2 25. Qxc2 b5 26. Rcd1 Qe7 27. Rd2 Rbc8 28. cxb5 Bxb5 29. Qd1 Rfd8 30. a4 Bc4 31. Bf1 Bxf1 32. Kxf1 Rc4 33. Qb3 Rdc8 34. Kg2 Qb7 35. Rxd6 Rxb4 36. Qd3 Rxa4 37. Rd7 Rc7 38. Rd5 Re7 39. f3 Ra2+ 40. Re2 Ra1 41. f4 f6 42. fxe5 fxe5 43. Rf2 Qb1 44. Qxb1 Rxb1 45. Ra5 Rb6 46. Rc2 Kf6 47. Rc8 Rb2+ 48. Kf3 Rb3+ 49. Kf2 Rb6 50. Kf3 Rd6 51. Ra8 Ree6 52. g4 h6 53. Ra7 g5 54. h5 Rd3+ 55. Kf2 Rd4 56. Ke3 Rdd6 57. Rh7 Rb6 58. Rxh6+ Ke7 59. Rxe6+ Kxe6 60. h6 Kf6 61. h7 Rb8 62. Rxa6+ Kg7 63. Ra7+ Kg6 64. Kd3 Rc8 65. Rb7 Kf6 66. Rc7 Rh8 67. Kc4 Ke6 68. Kc5 Kf6 69. Kd6 Rd8+ 70. Rd7 Rh8 71. Re7 Rd8+ 72. Rd7 Rh8 73. Kd5 Re8 74. Rd6+ Kg7 75. Re6 Rd8+ 76. Kxe5 Kxh7 77. Kf5 Rg8 78. e5 Rg7 79. Rf6 Ra7 80. Kxg5 Ra5 81. Kf5 Kg7 82. Rb6 Kf7 83. g5 Ra7 84. Rf6+ Kg7 85. g6 Re7 86. e6 Kg8 87. Rf7 Re8 88. Kf6 Ra8 89. Rd7 Rf8+ 90. Rf7 Ra8 91. g7 Re8 92. e7 Ra8 93. Rf8+ Rxf8+ 94. exf8Q+ Kh7 95. g8Q# 1-0

[Event "Eastern Asia-ch U10"]
[Site "Tornelo INT"]
[Date "2021.10.29"]
[Round "2"]
[White "Kieu, Hoang Quan"]
[Black "Bahmani, Koorosh"]
[Result "0-1"]
[WhiteElo "1107"]
[BlackElo "1455"]
[PlyCount "76"]
[EventDate "2021.10.29"]
[EventType "swiss"]
[EventRounds "9"]
[EventCountry "NET"]
[SourceTitle "EXT 2023"]
[Source "ChessBase"]
[SourceDate "2022.10.05"]
[SourceVersion "1"]
[SourceVersionDate "2022.10.05"]
[SourceQuality "1"]

1. e4 c5 2. Nf3 d6 3. d4 cxd4 4. Nxd4 Nf6 5. Nc3 a6 6. Be2 e5 7. Nf3 Be7 8. Be3 Be6 9. 0-0 0-0 10. h3 Nc6 11. a3 Qc7 12. Qd2 Rfd8 13. Na4 Nd7 14. c4 Nc5 15. Nxc5 dxc5 16. Qc3 Nd4 17. Bxd4 cxd4 18. Qd3 a5 19. b3 Rac8 20. Rfc1 g6 21. Nh2 f5 22. f3 Bg5 23. Rc2 fxe4 24. fxe4 Rf8 25. Nf3 Be3+ 26. Kh1 Bf4 27. Rb1 Qd7 28. Ng1 Be3 29. Rd1 Qe7 30. Nf3 Bf4 31. Rf1 Qxa3 32. Bd1 a4 33. Re2 Bxc4 34. Qb1 Bxe2 35. Bxe2 axb3 36. Bd3 b2 37. Bc2 d3 38. Bxd3 Rc1 0-1

[Event "IRI-ch U10"]
[Site "Chess.com INT"]
[Date "2021.01.16"]
[Round "3"]
[White "Alizade, Shayan"]
[Black "Bahmani, Koorosh"]
[Result "0-1"]
[WhiteElo "1064"]
[BlackElo "1570"]
[PlyCount "132"]
[EventDate "2021.01.16"]
[EventType "swiss"]
[EventRounds "11"]
[EventCountry "IRI"]
[SourceTitle "EXT 2022"]
[Source "ChessBase"]
[SourceDate "2021.10.06"]
[SourceVersion "1"]
[SourceVersionDate "2021.10.06"]
[SourceQuality "1"]

1. e4 c5 2. d4 cxd4 3. c3 d3 4. Bxd3 d6 5. Nf3 Nf6 6. 0-0 e6 7. Re1 Be7 8. Be3 0-0 9. Nbd2 a6 10. h3 b5 11. Nf1 Bb7 12. Ng3 Qc7 13. a4 bxa4 14. Rxa4 Nbd7 15. Qc2 Rfc8 16. Rc4 Qd8 17. Rxc8 Qxc8 18. Nd4 Nc5 19. b4 Nxd3 20. Qxd3 Nd7 21. Nf3 Qc6 22. c4 Rc8 23. Rc1 Nf6 24. b5 axb5 25. cxb5 Qd7 26. Rd1 Qc7 27. Rc1 Qd8 28. Rxc8 Qxc8 29. b6 h6 30. e5 dxe5 31. Nxe5 Nd5 32. Kh2 Bf6 33. Ng4 Qc6 34. Nxf6+ Nxf6 35. Qd8+ Kh7 36. Qd3+ g6 37. f3 Nd5 38. Bd4 Nxb6 39. Ne4 Nd5 40. Nf6+ Nxf6 41. Bxf6 Qc7+ 42. Kg1 Qc1+ 43. Kh2 Qf4+ 44. Kg1 Qxf6 45. Qd7 Bd5 46. Qa4 Qc3 47. Qf4 Kg7 48. Kh2 f6 49. g3 Qc2+ 50. Kg1 Qd1+ 51. Kh2 Qe2+ 52. Kg1 e5 53. Qb4 Qxf3 54. Qe7+ Bf7 55. Qb4 Qxg3+ 56. Kf1 Qxh3+ 57. Ke1 Qh1+ 58. Kf2 h5 59. Qb7 Qxb7 60. Ke1 h4 61. Ke2 h3 62. Kd2 h2 63. Kc3 h1Q 64. Kd3 Qhf3+ 65. Kd2 Qb2+ 66. Ke1 Qbe2# 0-1

[Event "IRI-ch U10"]
[Site "Chess.com INT"]
[Date "2021.01.16"]
[Round "7"]
[White "Pejhan, Arya"]
[Black "Bahmani, Koorosh"]
[Result "0-1"]
[WhiteElo "1168"]
[BlackElo "1570"]
[PlyCount "174"]
[EventDate "2021.01.16"]
[EventType "swiss"]
[EventRounds "11"]
[EventCountry "IRI"]
[SourceTitle "EXT 2022"]
[Source "ChessBase"]
[SourceDate "2021.10.06"]
[SourceVersion "1"]
[SourceVersionDate "2021.10.06"]
[SourceQuality "1"]

1. c4 c6 2. d4 d5 3. cxd5 cxd5 4. Nc3 Nf6 5. Nf3 a6 6. Bg5 e6 7. e3 Be7 8. Bd3 0-0 9. 0-0 b5 10. a3 Bb7 11. b4 Nbd7 12. Qb3 Rc8 13. Rac1 Qb6 14. Ne5 Rfe8 15. Qc2 h6 16. Nxd7 Nxd7 17. Bxe7 Rxe7 18. Qd2 Nf6 19. Ne2 Rec7 20. Rxc7 Rxc7 21. Rc1 Rc6 22. Rxc6 Qxc6 23. Qc3 Nd7 24. Qxc6 Bxc6 25. Nc3 Nb6 26. Kf1 Nc4 27. Bxc4 dxc4 28. g3 f5 29. f4 g5 30. h4 Kg7 31. Kf2 Kg6 32. hxg5 hxg5 33. Ne2 Bd5 34. Nc3 Kh5 35. Ne2 Kg4 36. Nc3 gxf4 37. gxf4 Bf3 38. Nb1 Be4 39. Nc3 Bd3 40. Na2 Bc2 41. Nc3 Kh5 42. d5 exd5 43. Nxd5 Be4 44. Nc7 c3 45. Ke2 Kg4 46. Nxa6 c2 47. Kd2 Kf3 48. Nc7 Bd3 49. Ne6 c1Q+ 50. Kxc1 Kxe3 51. Nc5 Bc4 52. Nb7 Kxf4 53. Nd6 Ke5 54. Nxf5 Kxf5 55. Kd2 Bb3 56. Ke3 Ke5 57. Kd3 Kd5 58. Kc3 Ba4 59. Kd3 Ke5 60. Ke3 Bb3 61. Kd3 Kf4 62. Kc3 Ba4 63. Kd4 Kf3 64. Kd3 Kf2 65. Kd2 Kf1 66. Kd3 Ke1 67. Ke3 Kd1 68. Kd3 Kc1 69. Kc3 Kb1 70. Kd2 Kb2 71. Kd3 Kxa3 72. Kc3 Bb3 73. Kd2 Kxb4 74. Kc1 Kc3 75. Kb1 b4 76. Kc1 Ba2 77. Kd1 b3 78. Kc1 b2+ 79. Kd1 b1Q+ 80. Ke2 Qd3+ 81. Kf2 Bd5 82. Ke1 Qc2 83. Kf1 Bg8 84. Ke1 Kd3 85. Kf1 Ke3 86. Kg1 Kf3 87. Kh1 Qg2# 0-1